| 000 | 01909cam a22005054 4500 | ||
|---|---|---|---|
| 003 | PE-LiUPU | ||
| 005 | 20250731173414.0 | ||
| 008 | 2005 sp | ||
| 020 | _a843011257X | ||
| 035 | _a(Sirsi) i9788430112579 | ||
| 035 | _a(Sirsi) 46823 | ||
| 035 | _a(Sirsi) 46823 | ||
| 082 | 0 | 4 |
_a226.4 _bB78 1 |
| 100 | 1 | _aBovon, Francois | |
| 130 | _a[L'évangile selon Saint Luc. Español] | ||
| 245 | 1 | 3 |
_aEl evangelio según San Luca : _bLc 1-9 / _cFrançois Bovon ; [tradujo Alfonso Ortiz García] _n1. |
| 250 | _a2a. edición. | ||
| 264 | 1 |
_aSalamanca : _bSígueme, _c2005. |
|
| 300 |
_a735 páginas ; _c22 centímetros. |
||
| 336 |
_atext _2rdacontent |
||
| 337 |
_aunmediated _2rdamedia |
||
| 338 |
_avolume _2rdacarrier |
||
| 490 | 0 |
_aBiblioteca de estudios bíblicos _v85 |
|
| 505 | 0 | _aEl texto -- El plan y el estilo de la obra -- La lengua -- El género literario y la intención -- Las fuentes -- El autor -- La teología -- Comentario -- El prólogo -- el evangelio de la infancia -- La actitud de Juan Bautista y el bautismo. | |
| 526 | _aSEG42 | ||
| 526 | _aSEG41 | ||
| 526 | _aSEG40 | ||
| 526 | _aSEG39 | ||
| 526 | _aP94 | ||
| 526 | _aP87 | ||
| 526 | _aP86 | ||
| 526 | _aP85 | ||
| 526 | _aP77 | ||
| 526 | _aP76 | ||
| 526 | _aP35 | ||
| 630 |
_aBiblia _pN.T. _xLucas _vCrítica e interpretación |
||
| 700 | 1 |
_aOrtiz García, Alfonso _etr. |
|
| 942 |
_2ddc _cBOOK |
||
| 949 |
_a226.4 B78 1 _i64458 _lCCODEBUL1 _mBUL _tLIBRO _o.STAFF. Colección General |
||
| 859 |
_q64458 _h226.4 _iB78 1 |
||
| 910 |
_agl _bjv _clch _d20120416 |
||
| 596 | _a1 | ||
| 999 |
_a226.4 B78 1 _wDEWEY _c53204 _i64458 _d53204 _e2017-11-2 _f2021-11-9 _g6 _lCCODEBUL1 _mBUL _n2 _p69.00 _q3 _r0 _sY _tBOOK _u2015-7-6 _xTEOLOGIA _PP35 _0COMPRA _o.STAFF. Colección Teología |
||
| 980 |
_81 _gALBERTO SANCHEZ Responsable de Automatización |
||